<?xml version="1.0" encoding="UTF-8"?><?xml-stylesheet type="text/xsl" href="static/style.xsl"?><OAI-PMH xmlns="http://www.openarchives.org/OAI/2.0/" xmlns:xsi="http://www.w3.org/2001/XMLSchema-instance" xsi:schemaLocation="http://www.openarchives.org/OAI/2.0/ http://www.openarchives.org/OAI/2.0/OAI-PMH.xsd"><responseDate>2026-04-27T21:22:07Z</responseDate><request verb="GetRecord" identifier="oai:uvadoc.uva.es:10324/47155" metadataPrefix="marc">https://uvadoc.uva.es/oai/request</request><GetRecord><record><header><identifier>oai:uvadoc.uva.es:10324/47155</identifier><datestamp>2021-07-01T20:57:37Z</datestamp><setSpec>com_10324_38</setSpec><setSpec>col_10324_787</setSpec></header><metadata><record xmlns="http://www.loc.gov/MARC21/slim" xmlns:doc="http://www.lyncode.com/xoai" xmlns:xsi="http://www.w3.org/2001/XMLSchema-instance" xmlns:dcterms="http://purl.org/dc/terms/" xsi:schemaLocation="http://www.loc.gov/MARC21/slim http://www.loc.gov/standards/marcxml/schema/MARC21slim.xsd">
<leader>00925njm 22002777a 4500</leader>
<datafield tag="042" ind1=" " ind2=" ">
<subfield code="a">dc</subfield>
</datafield>
<datafield tag="720" ind1=" " ind2=" ">
<subfield code="a">Barón García, Paola</subfield>
<subfield code="e">author</subfield>
</datafield>
<datafield tag="260" ind1=" " ind2=" ">
<subfield code="c">2021</subfield>
</datafield>
<datafield tag="520" ind1=" " ind2=" ">
<subfield code="a">El presente trabajo analiza el delito tipificado en el artículo 379.2 CP de conducción bajo los efectos del alcohol, resolviendo un supuesto práctico desde la perspectiva de la labor que realiza un Abogado en este tipo de delitos.&#xd;
Se analiza con carácter previo a la resolución del supuesto tanto jurisprudencia del Tribunal Supremo como de las distintas Audiencias Provinciales (especialmente se tiene en cuenta el criterio de la Audiencia Provincial de Valladolid, por ser Valladolid donde se desarrolla y presenta este TFM), además de la normativa en materia de tráfico y seguridad vial necesaria para completar el análisis del caso.</subfield>
</datafield>
<datafield tag="024" ind2=" " ind1="8">
<subfield code="a">https://uvadoc.uva.es/handle/10324/47155</subfield>
</datafield>
<datafield tag="245" ind1="0" ind2="0">
<subfield code="a">Calificación y defensa en supuestos de conducción bajo los efectos del alcohol</subfield>
</datafield>
</record></metadata></record></GetRecord></OAI-PMH>